000 00677nam a2200289Ia 4500
005 20260324122409.0
008 008 260324s9999 xx 000 0 eng d
020 _a9781315587516
037 _aEBOOK
040 _aCRL
040 _beng
040 _cCRL
041 _2eng
041 _aeng
084 _qCRL
100 _aLena Khor
_91166286
245 0 _aHuman Rights Discourse in a Global Network
245 0 _bBooks beyond Borders
260 _bTaylor and Francis
260 _c2013
365 _a
365 _b240
856 _uhttp://www.taylorfrancis.com/books/9781315587516
942 _cEBOOK
999 _c1758999
_d1758999